<?xml version='1.0' encoding='UTF-8'?>
  <record xmlns="http://www.loc.gov/MARC21/slim">
    <leader>00000cam a22000007i 4500</leader>
    <controlfield tag="001">ocm66870616</controlfield>
    <controlfield tag="003">OCoLC</controlfield>
    <controlfield tag="005">20231213210205.5</controlfield>
    <controlfield tag="008">031214s1545    gw     f      000 0 lat d</controlfield>
    <datafield tag="040" ind1=" " ind2=" ">
      <subfield code="a">NLGGC</subfield>
      <subfield code="b">dut</subfield>
      <subfield code="e">rda</subfield>
      <subfield code="e">dcrmb</subfield>
      <subfield code="c">NLGGC</subfield>
      <subfield code="d">QGJ</subfield>
      <subfield code="d">QGE</subfield>
      <subfield code="d">QGJ</subfield>
      <subfield code="d">OCLCQ</subfield>
      <subfield code="d">OCLCL</subfield>
    </datafield>
    <datafield tag="029" ind1="0" ind2=" ">
      <subfield code="a">NLGGC</subfield>
      <subfield code="b">258005025</subfield>
    </datafield>
    <datafield tag="035" ind1=" " ind2=" ">
      <subfield code="a">(OCoLC)66870616</subfield>
    </datafield>
    <datafield tag="100" ind1="1" ind2=" ">
      <subfield code="a">Pighius, Albertus,</subfield>
      <subfield code="d">ca. 1490-1542.</subfield>
      <subfield code="1">https://id.oclc.org/worldcat/entity/E39PBJfrQyqBdM86tfJRggvyh3</subfield>
    </datafield>
    <datafield tag="245" ind1="1" ind2="0">
      <subfield code="a">Controversiarvm praecipvarvm in comitiis Ratisponensibus tractatar(um), &amp; quibus nunc potissimum exagitatur Christi fides &amp; religio, diligens &amp; luculenta explicatio /</subfield>
      <subfield code="c">per Albertum Pighium Campensem. D. Ioannis Vltraiecten̄. præpositum, ab ipso autore summa diligentia sub mortem recognita. Accessit nunc primum eodem autore succincta componendorum dissidior(um), &amp; sarciendæ in religione concordiæ ratio.</subfield>
    </datafield>
    <datafield tag="246" ind1="3" ind2=" ">
      <subfield code="a">Controversiarum praecipuarum in comitiis Ratisponensibus tractatarum, et quibus nunc potissimum exagitatur Christi fides &amp; religio, diligens et luculenta explicatio</subfield>
    </datafield>
    <datafield tag="246" ind1="1" ind2="5">
      <subfield code="a">Ratio componendorvm dissidiorvm, et sarciendæ in religione concordiæ</subfield>
    </datafield>
    <datafield tag="260" ind1=" " ind2=" ">
      <subfield code="a">Coloniæ :</subfield>
      <subfield code="b">ex officina Melchioris Nouesiani,</subfield>
      <subfield code="c">1545.</subfield>
    </datafield>
    <datafield tag="300" ind1=" " ind2=" ">
      <subfield code="a">[224] bladen ;</subfield>
      <subfield code="c">folio</subfield>
    </datafield>
    <datafield tag="336" ind1=" " ind2=" ">
      <subfield code="a">tekst</subfield>
      <subfield code="b">txt</subfield>
      <subfield code="2">rdacontent/dut</subfield>
    </datafield>
    <datafield tag="337" ind1=" " ind2=" ">
      <subfield code="a">zonder medium</subfield>
      <subfield code="b">n</subfield>
      <subfield code="2">rdamedia/dut</subfield>
    </datafield>
    <datafield tag="338" ind1=" " ind2=" ">
      <subfield code="a">band</subfield>
      <subfield code="b">nc</subfield>
      <subfield code="2">rdacarrier/dut</subfield>
    </datafield>
    <datafield tag="340" ind1=" " ind2=" ">
      <subfield code="a">papier</subfield>
      <subfield code="m">in-2</subfield>
      <subfield code="m">folio</subfield>
      <subfield code="2">rdabf</subfield>
    </datafield>
    <datafield tag="500" ind1=" " ind2=" ">
      <subfield code="a">*⁴ A-2L⁶ 2M⁴ a-b⁶ c⁴ (X6 blanco).</subfield>
    </datafield>
    <datafield tag="501" ind1=" " ind2=" ">
      <subfield code="a">Met afzonderlijk titelblad: Ratio componendorvm dissidiorvm, et sarciendæ in religione concordiæ ...</subfield>
    </datafield>
    <datafield tag="510" ind1="4" ind2=" ">
      <subfield code="a">VD16</subfield>
      <subfield code="c">ZV 12475</subfield>
    </datafield>
    <datafield tag="700" ind1="1" ind2=" ">
      <subfield code="a">Novesianus, Melchior</subfield>
      <subfield code="q">Neuss, Mechior von,</subfield>
      <subfield code="e">drukker.</subfield>
      <subfield code="4">prt</subfield>
    </datafield>
    <datafield tag="710" ind1="1" ind2=" ">
      <subfield code="a">Neuss, Melchior von (Keulen)</subfield>
      <subfield code="4">prt</subfield>
      <subfield code="0">(NL-LeOCL)077150031</subfield>
    </datafield>
    <datafield tag="740" ind1="0" ind2=" ">
      <subfield code="a">Ratio componendorum dissidiorvm, et sarciendæ in religione concordiæ</subfield>
    </datafield>
    <datafield tag="752" ind1=" " ind2=" ">
      <subfield code="a">Duitsland</subfield>
      <subfield code="d">Keulen</subfield>
      <subfield code="e">plaats van uitgave</subfield>
      <subfield code="4">pup</subfield>
    </datafield>
  </record>